000 00351 a2200157 4500
001 152575
040 _cEscola São Tomás de Aquino
100 _aDRUMMOND, Regina
240 1 0 _aMil gatos e tantos
_lpor
245 1 0 _aMil gatos e tantos
300 _a32
362 0 _a2015
440 1 _aDuna Dueto
697 _a*LITERATURA INFANTO
942 _cBK
999 _c152575
_d152575